000 00585nam a2200145Ia 4500
008 220216s9999 xx 000 0 und d
100 _aKuriakose B.
245 0 _aStudies on effect of over curing and ageing on the properties of retread compounds
260 _bIn: Success through technology: Proceedings of the National Rubber Conference, 14-15 November 1994. (Eds. D. Joseph Francis and P.K. Mohamed). Allied Publishers, New Delhi, India, pp. 330-339.
_c1994
650 _aAgeing
650 _aOvercuring
650 _aRetread compound
700 _aSateeshkumar K.
942 _cBS
999 _c52606
_d52606